Statistiken für Landkreise und Kreisfreie Städte in Niedersachsen

Klicken Sie hier um das Quiz zu spielen!

Allgemein

  • Dieses Quiz wurde 1.558 mal gespielt
  • Das Durchschnittsergebnis liegt bei 30 aus 45

Antworten auf der Karte

Die Antworten werden auf der Karte rot bzw. grün angezeigt, abhängig davon wie oft sie richtig erraten wurden.
 

Antwortstatistiken

Antwort% Korrekt
Hannover
97%
Osnabrück
91%
Osnabrück (Kreisfreie Stadt)
91%
Oldenburg (Kreisfreie Stadt)
89%
Braunschweig (Kreisfreie Stadt)
88%
Göttingen
88%
Oldenburg
88%
Wolfsburg (Kreisfreie Stadt)
88%
Cuxhaven
87%
Emden (Kreisfreie Stadt)
84%
Lüneburg
78%
Emsland
77%
Wilhelmshaven (Kreisfreie Stadt)
77%
Aurich
74%
Friesland
73%
Celle
72%
Stade
72%
Hildesheim
71%
Leer
70%
Salzgitter (Kreisfreie Stadt)
68%
Nienburg/Weser
67%
Cloppenburg
66%
Delmenhorst (Kreisfreie Stadt)
65%
Goslar
65%
Vechta
65%
Hameln-Pyrmont
59%
Peine
59%
Uelzen
59%
Verden
59%
Diepholz
56%
Harburg
56%
Heidekreis
55%
Ammerland
54%
Grafschaft Bentheim
54%
Wittmund
54%
Wolfenbüttel
54%
Rotenburg (Wümme)
53%
Gifhorn
51%
Lüchow-Dannenberg
50%
Osterholz
50%
Wesermarsch
49%
Helmstedt
48%
Northeim
48%
Schaumburg
47%
Holzminden
46%

Verteilung der Resultate

Perzentil nach korrekt beantworteten Fragen

Anzahl Personen mit jedem Resultat

Ihre Resultats-Entwicklung

Sie haben dieses Quiz noch nicht gespielt